Online
Catalog

Introducción a la ecología / (Record no. 38910)

MARC details
000 -CABECERA
campo de control de longitud fija 00476nam a2200169 a 4500
001 - NÚMERO DE CONTROL
campo de control 000039420
005 - FECHA Y HORA DE LA ÚLTIMA TRANSACCIÓN
campo de control 20201002031636.0
008 - DATOS DE LONGITUD FIJA--INFORMACIÓN GENERAL
campo de control de longitud fija 130626s1978 dr 000 0 spa d
020 ## - NÚMERO INTERNACIONAL ESTÁNDAR DEL LIBRO
Número Internacional Estándar del Libro 9684290314
040 ## - FUENTE DE LA CATALOGACIÓN
Centro catalogador/agencia de origen DO-SdBNP
Lengua de catalogación spa
Centro/agencia transcriptor BNPHU
100 1# - ENTRADA PRINCIPAL--NOMBRE DE PERSONA
Nombre de persona Acot, Pascal
9 (RLIN) 65617
245 10 - MENCIÓN DE TÍTULO
Título Introducción a la ecología /
Mención de responsabilidad, etc. Pascal Acot.
260 ## - PUBLICACIÓN, DISTRIBUCIÓN, ETC.
Lugar de publicación, distribución, etc. México :
Nombre del editor, distribuidor, etc. Editorial Nueva Imagen,
Fecha de publicación, distribución, etc. 1978.
300 ## - DESCRIPCIÓN FÍSICA
Extensión 151 p. ;
Dimensiones 22 cm.
300 ## - DESCRIPCIÓN FÍSICA
Extensión 151 p. ;
Dimensiones 22 cm.
500 ## - NOTA GENERAL
Nota general Incluye índice
Holdings
Estado de retiro Estado de pérdida No para préstamo Código de colección Localización permanente Ubicación/localización actual Ubicación en estantería Fecha de adquisición Número de inventario Total de préstamos Signatura topográfica completa Código de barras Fecha visto por última vez Precio válido a partir de Tipo de ítem Koha Nota pública
    Excluido de préstamo Patrimonio Dominicano General General En catalogación 26.06.2013 LF1   39420-10 25.06.2020 25.06.2020 Libro y Folleto Colección Patrimonio Dominicano Perteneción a la biblioteca personal de Aída Cartagena Portalatín

Powered by Koha